Les provinces de Belgique - Statistiques

Statistiques générales
  • Ce quiz a été pris 1 358 fois
  • Le résultat moyen est 8 sur 11
Statistiques - réponses
Provinces % Correct
8 Liège
89%
7 Namur
85%
6 Région de Bruxelles-Capitale
80%
9 Luxembourg
79%
10 Hainaut
77%
3 Anvers
75%
11 Brabant Wallon
74%
1 Flandre Occidentale
71%
2 Flandre Orientale
70%
5 Brabant Flamand
69%
4 Limbourg
62%
Aucun quiz correspondant
Distribution des résultats
% des personnes avec chaque résultat
Percentile par nombre de réponses
Votre historique - résultats
Vous n’avez pas pris ce quiz